[Event "AUT-ch"]
[Site "Vienna"]
[Date "2010.07.31"]
[Round "8"]
[White "Platzgummer, Fabian"]
[Black "Brehovsky, Paul"]
[Result "1-0"]
[WhiteElo "2351"]
[BlackElo "2164"]
[PlyCount "75"]
[EventDate "2010.07.24"]
[EventType "swiss"]
[EventRounds "9"]
[EventCountry "AUT"]
[SourceTitle "CBM 137 Extra"]
[Source "ChessBase"]
[SourceDate "2010.09.01"]
[SourceVersion "1"]
[SourceVersionDate "2010.09.01"]
[SourceQuality "1"]

1. Nf3 e6 2. c4 d5 3. g3 Nf6 4. Bg2 c6 5. d4 Bd6 6. Qc2 Nbd7 7. 0-0 0-0 8. Nbd2 e5 9. cxd5 cxd5 10. dxe5 Nxe5 11. Nxe5 Bxe5 12. Nf3 Bd6 13. Rd1 Be6 14. Nd4 Qe7 15. Qd3 Rac8 16. b3 Rfd8 17. a3 a6 18. Bb2 Qd7 19. Nxe6 fxe6 20. e4 dxe4 21. Bxe4 Nxe4 22. Qxe4 Qf7 23. Rd2 Bc5 24. Re2 Rf8 25. Rf1 Rce8 26. b4 Bb6 27. Be5 Qf3 28. Bf4 Qxa3 29. Rd1 Qa4 30. Rd6 e5 31. Qd5+ Kh8 32. Bxe5 Bc7 33. Bxg7+ Kxg7 34. Rd7+ Kh8 35. Qd4+ Be5 36. Rxe5 Qxd7 37. Qxd7 Rxe5 38. Qd4 1-0

[Event "Niederoesterreich Landesliga 0708"]
[Site "Austria"]
[Date "2007.09.16"]
[Round "1"]
[White "Strubreiter, Markus"]
[Black "Brehovsky, Paul"]
[Result "0-1"]
[WhiteElo "2023"]
[BlackElo "2100"]
[PlyCount "48"]
[EventDate "2007.09.16"]
[EventType "team-tourn"]
[EventRounds "13"]
[EventCountry "AUT"]
[SourceTitle "EXT 2022"]
[Source "ChessBase"]
[SourceDate "2021.10.06"]
[SourceVersion "1"]
[SourceVersionDate "2021.10.06"]
[SourceQuality "1"]

1. e4 e6 2. Nc3 d5 3. d4 Nf6 4. Bg5 Be7 5. Bxf6 Bxf6 6. Nf3 0-0 7. Bd3 c5 8. e5 Be7 9. h4 h6 10. dxc5 Nc6 11. Qe2 Bxc5 12. Ng5 f5 13. exf6 Qxf6 14. 0-0-0 hxg5 15. hxg5 Qxg5+ 16. f4 Rxf4 17. Kb1 Bd7 18. Bh7+ Kf7 19. g3 Rf6 20. Ne4 dxe4 21. Rxd7+ Be7 22. Bxe4 Qc5 23. Rxb7 Rh8 24. Bxc6 Rxh1+ 0-1

[Event "Niederoesterreich Landesliga 0607"]
[Site "Austria"]
[Date "2007.01.14"]
[Round "7"]
[White "Brehovsky, Paul"]
[Black "Neussner, Siegfried"]
[Result "1-0"]
[WhiteElo "2140"]
[BlackElo "2164"]
[PlyCount "69"]
[EventDate "2006.09.17"]
[EventType "team-tourn"]
[EventRounds "11"]
[EventCountry "AUT"]
[SourceTitle "EXT 2022"]
[Source "ChessBase"]
[SourceDate "2021.10.06"]
[SourceVersion "1"]
[SourceVersionDate "2021.10.06"]
[SourceQuality "1"]

1. e3 Nf6 2. d4 g6 3. Nf3 Bg7 4. c4 0-0 5. b4 b6 6. Bb2 d5 7. Nbd2 a5 8. b5 c6 9. Rc1 dxc4 10. Bxc4 cxb5 11. Bxb5 Bb7 12. 0-0 Ne4 13. Nxe4 Bxe4 14. Qe2 Ra7 15. a4 Nd7 16. Ba3 Bf6 17. Nd2 Ba8 18. Rc2 Qb8 19. Rfc1 Rd8 20. Bc6 Rc7 21. d5 Rdc8 22. Ne4 Bxc6 23. dxc6 Nc5 24. Bxc5 bxc5 25. Nxf6+ exf6 26. Rxc5 Qb4 27. Qb5 Ra8 28. h3 f5 29. Rb1 Qd2 30. Qb6 Rac8 31. Rbc1 f4 32. exf4 Qd6 33. Qxa5 Rxc6 34. Rxc6 Rxc6 35. Qa8+ 1-0

[Event "Niederoesterreich Landesliga 0607"]
[Site "Austria"]
[Date "2006.10.29"]
[Round "4"]
[White "Brehovsky, Paul"]
[Black "Thoma, Wilhelm"]
[Result "1/2-1/2"]
[WhiteElo "2140"]
[BlackElo "2156"]
[PlyCount "33"]
[EventDate "2006.09.17"]
[EventType "team-tourn"]
[EventRounds "11"]
[EventCountry "AUT"]
[SourceTitle "EXT 2022"]
[Source "ChessBase"]
[SourceDate "2021.10.06"]
[SourceVersion "1"]
[SourceVersionDate "2021.10.06"]
[SourceQuality "1"]

1. d4 d5 2. c4 c6 3. Nf3 e6 4. Nc3 dxc4 5. a4 Bb4 6. e3 b5 7. Bd2 Bxc3 8. Bxc3 Qb6 9. Ne5 Nf6 10. axb5 cxb5 11. b3 Nd5 12. Ba5 Qd6 13. bxc4 bxc4 14. e4 Nb6 15. Nxc4 Nxc4 16. Bxc4 Nc6 17. e5 1/2-1/2

[Event "Niederoesterreich Landesliga 0607"]
[Site "Austria"]
[Date "2006.10.15"]
[Round "3"]
[White "Sulyok, Michael"]
[Black "Brehovsky, Paul"]
[Result "1-0"]
[WhiteElo "2217"]
[BlackElo "2140"]
[PlyCount "79"]
[EventDate "2006.09.17"]
[EventType "team-tourn"]
[EventRounds "11"]
[EventCountry "AUT"]
[SourceTitle "EXT 2022"]
[Source "ChessBase"]
[SourceDate "2021.10.06"]
[SourceVersion "1"]
[SourceVersionDate "2021.10.06"]
[SourceQuality "1"]

1. c4 e6 2. g3 d5 3. Bg2 Nf6 4. Nf3 dxc4 5. Qa4+ Bd7 6. Qxc4 Bc6 7. 0-0 Nbd7 8. Qc2 Bd6 9. Nc3 Bxf3 10. Bxf3 c6 11. d4 0-0 12. e4 e5 13. dxe5 Nxe5 14. Be2 Nfd7 15. f4 Ng6 16. Kg2 Qe7 17. e5 Bc5 18. Ne4 Bd4 19. Nd6 Nb6 20. Nf5 Qc5 21. Nxd4 Qxd4 22. Rd1 Qb4 23. Be3 Rfd8 24. Bc5 Qa5 25. b4 Qa4 26. Qb2 Nf8 27. f5 Nbd7 28. Bd6 c5 29. Bf3 Nb6 30. bxc5 Nc4 31. Qd4 Qc2+ 32. Kg1 Qxf5 33. Be4 Nxe5 34. Bxf5 Nf3+ 35. Kg2 Nxd4 36. Rxd4 f6 37. Be4 Ne6 38. Rdd1 Rd7 39. Rab1 Re8 40. Bxb7 1-0

[Event "Vienna op-A 15th"]
[Site "Vienna"]
[Date "2006.08.06"]
[Round "9"]
[White "Posch, Werner"]
[Black "Brehovsky, Paul"]
[Result "1-0"]
[WhiteElo "2262"]
[BlackElo "2140"]
[PlyCount "90"]
[EventDate "2006.07.29"]
[EventType "swiss"]
[EventRounds "9"]
[EventCountry "AUT"]
[SourceTitle "CBM 113 Extra"]
[Source "ChessBase"]
[SourceDate "2006.09.14"]
[SourceVersion "1"]
[SourceVersionDate "2006.09.14"]
[SourceQuality "1"]

1. e4 e6 2. d3 d5 3. Nd2 Nf6 4. Ngf3 c5 5. g3 Nc6 6. Bg2 Be7 7. 0-0 0-0 8. Re1 b5 9. e5 Nd7 10. Nf1 Ba6 11. h4 c4 12. d4 b4 13. h5 c3 14. bxc3 bxc3 15. h6 g6 16. N1h2 Na5 17. a4 Nc4 18. Bf4 Qb6 19. Bf1 Rac8 20. Ng4 Nb2 21. a5 Qd8 22. Qc1 Bxf1 23. Kxf1 Rc4 24. Qe3 Nb8 25. Bg5 Bxg5 26. Nxg5 Nc6 27. Nf6+ Kh8 28. Rad1 Nxd1 29. Rxd1 Qe7 30. Nfxh7 Rb8 31. Rd3 Nb4 32. Rxc3 Nxc2 33. Qd2 Rb2 34. Rxc4 dxc4 35. Nf6 Rb1+ 36. Kg2 Ne1+ 37. Kh3 Qf8 38. Kg4 Nd3 39. Qc2 Rb2 40. Qxc4 Nxf2+ 41. Kf3 Qa3+ 42. Kf4 Nh3+ 43. Kg4 Nf2+ 44. Kh4 Qf8 45. Qc8 Qd8 1-0